| Tag |
First Indicator |
Second Indicator |
Subfields |
| LEADER |
00000cam a2200000 i 4500 |
| 001 |
in00003902921 |
| 005 |
20211120182616.0 |
| 006 |
m o d f |
| 007 |
cr mn||||||||| |
| 008 |
140929s1969 dcuabf ob f001 0 eng c |
| 035 |
|
|
|a (OCoLC)ocn891600153
|
| 040 |
|
|
|a COP
|b eng
|e rda
|e pn
|c COP
|d OCLCO
|d OCLCF
|d GPO
|d MvI
|d UtOrBLW
|
| 042 |
|
|
|a pcc
|
| 043 |
|
|
|a poxe---
|
| 049 |
|
|
|a WWW
|
| 074 |
|
|
|a 0624 (online)
|
| 086 |
0 |
|
|a I 19.16:260-II
|
| 100 |
1 |
|
|a Leopold, Estella B.,
|e author.
|0 http://id.loc.gov/authorities/names/no98093515
|
| 245 |
1 |
0 |
|a Miocene pollen and spore flora of Eniwetok Atoll, Marshall Islands /
|c by Estella B. Leopold.
|
| 264 |
|
1 |
|a Washington :
|b United States Department of the Interior, Geological Survey,
|c 1969.
|
| 300 |
|
|
|a 1 online resource (58 unnumbered pages, 8 unnumbered pages of plates) :
|b illustrations, maps.
|
| 336 |
|
|
|a text
|b txt
|2 rdacontent
|
| 337 |
|
|
|a computer
|b c
|2 rdamedia
|
| 338 |
|
|
|a online resource
|b cr
|2 rdacarrier
|
| 490 |
1 |
|
|a Geological Survey professional paper ;
|v 260-II
|
| 490 |
1 |
|
|a Bikini and nearby atolls, Marshall Islands
|
| 500 |
|
|
|a Title from title screen (viewed September 26, 2014).
|
| 500 |
|
|
|a "A Miocene pollen and spore flora representing raised islands, intertidal, and beach-ridge environments is described from depths of 670 to 2,500 feet beneath Eniwetok Atoll."
|
| 504 |
|
|
|a Includes bibliographical references (pages 45-50) and index.
|
| 650 |
|
0 |
|a Paleobotany
|y Miocene.
|0 http://id.loc.gov/authorities/subjects/sh85097036
|
| 650 |
|
0 |
|a Plant spores, Fossil
|z Marshall Islands
|z Enewetak Atoll.
|
| 650 |
|
0 |
|a Plants, Fossil
|z Marshall Islands
|z Enewetak Atoll.
|
| 650 |
|
0 |
|a Pollen, Fossil
|z Marshall Islands
|z Enewetak Atoll.
|
| 651 |
|
0 |
|a Enewetak Atoll (Marshall Islands)
|0 http://id.loc.gov/authorities/subjects/sh85043157
|
| 651 |
|
0 |
|a Bikini Atoll (Marshall Islands)
|0 http://id.loc.gov/authorities/subjects/sh85013994
|
| 650 |
|
7 |
|a Miocene Geologic Epoch.
|2 fast
|0 (OCoLC)fst01353827
|
| 650 |
|
7 |
|a Paleobotany.
|2 fast
|0 (OCoLC)fst01051324
|
| 650 |
|
7 |
|a Plant spores, Fossil.
|2 fast
|0 (OCoLC)fst01716029
|
| 650 |
|
7 |
|a Plants, Fossil.
|2 fast
|0 (OCoLC)fst01066174
|
| 650 |
|
7 |
|a Pollen, Fossil.
|2 fast
|0 (OCoLC)fst01070026
|
| 651 |
|
7 |
|a Marshall Islands
|z Bikini Atoll.
|2 fast
|0 (OCoLC)fst01242762
|
| 651 |
|
7 |
|a Marshall Islands
|z Enewetak Atoll.
|2 fast
|0 (OCoLC)fst01244374
|
| 648 |
|
7 |
|a From 10 to 25 million years ago
|2 fast
|
| 710 |
2 |
|
|a Geological Survey (U.S.),
|e issuing body.
|0 http://id.loc.gov/authorities/names/n80092173
|
| 776 |
0 |
8 |
|i Print version:
|a Leopold, Estella B.
|t Miocene pollen and spore flora of Eniwetok Atoll, Marshall Islands
|w (DLC) 72607295
|w (OCoLC)82918
|
| 830 |
|
0 |
|a Geological Survey professional paper ;
|v 260-II.
|0 http://id.loc.gov/authorities/names/n42012105
|
| 830 |
|
0 |
|a Bikini and nearby atolls, Marshall Islands.
|0 http://id.loc.gov/authorities/names/no2011095020
|
| 856 |
4 |
0 |
|u https://purl.fdlp.gov/GPO/gpo85579
|t 0
|
| 999 |
f |
f |
|s 2a8325f4-8846-361a-8815-08ac6312a704
|i e0de0100-f916-3407-b384-ba75d565d325
|t 0
|
| 952 |
f |
f |
|a Texas A&M University
|b College Station
|c Electronic Resources
|d Available Online
|t 0
|e I 19.16:260-II
|h Superintendent of Documents classification
|
| 998 |
f |
f |
|a I 19.16:260-II
|t 0
|l Available Online
|